Ecologie numérique
Guardat en:
| Autors principals: | , |
|---|---|
| Format: | Llibre |
| Idioma: | francès |
| Publicat: |
París
Masson
1984
|
| Edició: | 2a. ed |
| Col·lecció: | Collection d'Ecologie, 12-13
|
| Matèries: | |
| Etiquetes: |
Afegir etiqueta
Sense etiquetes, Sigues el primer a etiquetar aquest registre!
|
MARC
| LEADER | 00000nam a2200000 a 4500 | ||
|---|---|---|---|
| 001 | UCV3855 | ||
| 003 | CL-VaPUC | ||
| 008 | 881212e19840000FR |||||||||||||||||fre|d | ||
| 082 | 0 | 4 | |a 577 |b LEG |2 21 |
| 100 | |a Legendre, Louis |e author |9 483528 | ||
| 700 | |a Legendre, Pierre |e author |9 483527 | ||
| 245 | 1 | 0 | |a Ecologie numérique |
| 250 | |a 2a. ed | ||
| 300 | |a 2 v | ||
| 942 | |c BK | ||
| 945 | |d 19881212 00:00:00 | ||
| 260 | |a París |b Masson |c 1984 | ||
| 500 | |a v.1: Le traitement multiple des donnees ecologiques | ||
| 500 | |a v.2: La structure des donnees ecologiques | ||
| 650 | 0 | |a Ecología |9 258124 | |
| 650 | 0 | |a Diseño experimental |9 259977 | |
| 583 | |a last modification |c 19881212 00:00:00 |k Rodrigo Vera | ||
| 490 | 0 | |a Collection d'Ecologie, 12-13 | |
| 999 | |c 210972 |d 210970 | ||
| 952 | |0 0 |1 0 |2 ddc |4 0 |6 577_000000000000000_LEG_1984 |7 0 |8 CCM |9 188152 |a BIBCUR |b BIBCUR |c PAC |d 2019-11-14 |h v.1 |i 2556197 |o 577 LEG 1984 |p 2556197 |r 2025-04-22 |w 2019-11-14 |y BK |k CIM | ||
| 952 | |0 0 |1 0 |2 ddc |4 0 |6 577_000000000000000_LEG_1984 |7 0 |8 CCM |9 188153 |a BIBCUR |b BIBCUR |c PAC |d 2019-11-14 |h v.2 |i 2556200 |o 577 LEG 1984 |p 2556200 |r 2025-04-22 |w 2019-11-14 |y BK |k CIM | ||